000 00607nam a2200241 a 4500
001 nice12345678
003 IN_TiNIC
005 20260116012943.0
008 050524s1981 lona grp 000 0 eng
020 _a0040415
_c217
082 0 0 _a181.07
_bNAS1
100 _aNasr, Seyyed Hossein
245 _aIslamic Life and Thought
260 _aLondon
_bGeorge Allen and Unwin Ltd
_c1981
300 _a232p
500 _aincludes index and biblioraphy
505 2 _aIndex
650 _aPhilosophy-Islamic
700 1 _aNasr, Seyyed Hossein
902 _bSRS
942 _cBK
999 _c9038
_d9038